Water power engineering / (Record no. 84986)

MARC details
000 -LEADER
fixed length control field 00667nam a22002177a 4500
005 - DATE AND TIME OF LATEST TRANSACTION
control field 20140616125500.0
010 ## - LCCN (DPL NO)
LC control number ENG-110119
020 ## - INTERNATIONAL STANDARD BOOK NUMBER
International Standard Book Number 9789325968981
Terms of availability 460.00
035 ## - SYSTEM CONTROL NUMBER
System control number EN-93652
037 ## - SOURCE OF ACQUISITION
Source of stock number/acquisition DBAD/PUB
082 ## - DEWEY DECIMAL CLASSIFICATION NUMBER
Classification number 621.312134
100 ## - MAIN ENTRY--PERSONAL NAME
Personal name Dandekar, M.M.
245 ## - TITLE STATEMENT
Title Water power engineering /
Statement of responsibility, etc by M.M. Dandekar [and] K.N. Sharma
250 ## - EDITION STATEMENT
Edition statement 2nd ed
260 ## - PUBLICATION, DISTRIBUTION, ETC. (IMPRINT)
Place of publication, distribution, etc Noida
Name of publisher, distributor, etc Vikas Publishing House
Date of publication, distribution, etc 2013
270 ## - ADDRESS
Address E-28, Sector-8, Noida
City Noida
Postal code 201301
300 ## - PHYSICAL DESCRIPTION
Extent xiv,610p. :
Dimensions 24cm(pbk)
Other physical details ill
500 ## - GENERAL NOTE
General note Includes bibliographical references and index
700 ## - ADDED ENTRY--PERSONAL NAME
Personal name Sharma, K.N.
942 ## - ADDED ENTRY ELEMENTS (KOHA)
Source of classification or shelving scheme Dewey Decimal Classification
Item type English Books
Call number suffix DAN
Classification part 621.312134
Holdings
Withdrawn status Lost status Not for loan Collection code Home library Current library Date acquired Source of acquisition Cost, normal purchase price Full call number Barcode Copy number Cost, replacement price Koha item type
    Not For Loan Non-fiction D.B.Act.Division D.B.Act.Division 10/06/2014 ENG-110119 460.00 621.312134 DAN EN-93652 1 460.00 English Books

© Delhi Public Library
Hit Counter
free hit counter